Datum a čas kvízu
23
Celkem bodů
Celkový počet nahraných bodů na tomto kvízu bez doplňovacích otázek.
6.
Pořadí na kvízu
Konečné umístění týmu na tomto kvízu.
Zaznamenané odpovědi
| # | Otázka | Odpověď | Body | Výsledky |
|---|---|---|---|---|
| 1. | Sociální demokraté si na svém... | Ondřej Veselý, Michal Šmarda, Jana Maláčová, Tomáš Petříček, Roman Onderka | 0.5 | |
| 2. | Jak se nazývá země, která v re... | Pákistán | 1 | |
| 3. | Dlouho očekávané tmavé téma do... | Messenger | 1 | |
| 4. | Irský oděvní řetězec, populárn... | Primark | 1 | |
| 5. | Celkové pořadí Světového pohár... | Mikaela Shiffrinová | 1 | |
| 6. | Praha, Plzeň, Pardubice, Příbr... | Prachatice | 1 | |
| 7. | Oganesson, xenon, radon, argon... | neon | 0 | |
| 8. | Schillerová, Babiš, Kalousek,... | Jan Fischer | 0 | |
| 9. | Bohdalová, Kubišová, Rettigová... | Milada Horáková | 0 | |
| 10. | Komedie omylů, Zkrocení zlé že... | Mnoho povyku pro nic | 0 |